基督宗敎知识辞典 Jidu zong jiao zhi shi ci dian {ch}/ (Record no. 29697)
[ view plain ]
| 000 -LEADER | |
|---|---|
| fixed length control field | 01435nam a2200289 4500 |
| 008 - FIXED-LENGTH DATA ELEMENTS--GENERAL INFORMATION | |
| fixed length control field | 040421m20032005cc bd 001 0cchi d |
| 020 ## - INTERNATIONAL STANDARD BOOK NUMBER | |
| International Standard Book Number | 780123538X :RMB80/Php512 |
| 090 ## - LOCALLY ASSIGNED LC-TYPE CALL NUMBER (OCLC); LOCAL CALL NUMBER (OCLC) | |
| Classification number (OCLC) (R) ; Classification number, CALL (RLIN) (NR) | BR95 |
| Local cutter number (OCLC) ; Book number/undivided call number, CALL (RLIN) | L51j |
| -- | 2003 |
| 100 1# - MAIN ENTRY--PERSONAL NAME | |
| Personal name | 雷立柏编 Leeb, Leopold, |
| Dates associated with a name | 1967- |
| 245 10 - TITLE STATEMENT | |
| Title | 基督宗敎知识辞典 Jidu zong jiao zhi shi ci dian {ch}/ |
| Statement of responsibility, etc | Leilibo bian 雷立柏编.. |
| 260 ## - PUBLICATION, DISTRIBUTION, ETC. (IMPRINT) | |
| Place of publication, distribution, etc | 宗敎文化出版社 ; Beijing Shi : |
| Name of publisher, distributor, etc | Zong jiao wen hua chu ban she, |
| Date of publication, distribution, etc | 2003 |
| -- | 2005 |
| 300 ## - PHYSICAL DESCRIPTION | |
| Extent | 2, 2, 375 p. ; |
| Dimensions | 27 cm. |
| 490 1# - SERIES STATEMENT | |
| Series statement | Zong jiao yan jiu ci dian cong shu. |
| 500 ## - GENERAL NOTE | |
| General note | "[Sheng jing gai nian ci dian] da duo de nei rong shi gen ju Johannes Bauer bian de Bibeltheologisches Woertebuch "Sheng jing shen xue ci dian" (Styria, Graz 1994) bian yi de huo gai xie de"--P. 2 (3rd group) |
| 500 ## - GENERAL NOTE | |
| General note | Some contents translated from English, or German. |
| 504 ## - BIBLIOGRAPHY, ETC. NOTE | |
| Bibliography, etc | Include bibliographical references and index. |
| 505 0# - FORMATTED CONTENTS NOTE | |
| Formatted contents note | Sheng jing gai nian ci dian -- Zong jiao pi ping xue ci dian -- Zong jiao xiao ci dian. |
| 630 04 - SUBJECT ADDED ENTRY--UNIFORM TITLE | |
| Uniform title | Bible |
| Form subdivision | Dictionaries |
| General subdivision | Chinese. |
| 650 #4 - SUBJECT ADDED ENTRY--TOPICAL TERM | |
| Topical term or geographic name as entry element | Christianity |
| Form subdivision | Dictionaries |
| General subdivision | Chinese {ch}. |
| 650 #4 - SUBJECT ADDED ENTRY--TOPICAL TERM | |
| Topical term or geographic name as entry element | Popes |
| Form subdivision | Biography |
| -- | Dictionaries |
| General subdivision | Chinese {ch}. |
| 650 #4 - SUBJECT ADDED ENTRY--TOPICAL TERM | |
| Topical term or geographic name as entry element | Religion |
| Form subdivision | Dictionaries |
| General subdivision | Chinese {ch}. |
| 650 #4 - SUBJECT ADDED ENTRY--TOPICAL TERM | |
| Topical term or geographic name as entry element | Religious biography |
| Form subdivision | Dictionaries |
| General subdivision | Chinese {ch}. |
| 951 ## - EQUIVALENCE OR CROSS-REFERENCE-GEOGRAPHIC NAME/AREA NAME [OBSOLETE] [CAN/MARC only] | |
| General subdivision | 00035265 |
| 700 1# - ADDED ENTRY--PERSONAL NAME | |
| Personal name | Bauer, Johannes Baptist, |
| Dates associated with a name | 1927- |
| Title of a work | Bibeltheologisches Wèortebuch. |
| Language of a work | Chinese. |
| 942 ## - ADDED ENTRY ELEMENTS (KOHA) | |
| Source of classification or shelving scheme | Library of Congress Classification |
| Item type | Reference |
| Withdrawn status | Lost status | Damaged status | Not for loan | Home library | Current library | Shelving location | Date acquired | Accession number | Shelving control number | Total Checkouts | Full call number | Barcode | Date last seen | Price effective from | Koha item type | Source of classification or shelving scheme |
|---|---|---|---|---|---|---|---|---|---|---|---|---|---|---|---|---|
| BSOP Library | BSOP Library | 12/21/2000 | C-8586 | 127 | Ref-CHBR95/L51j/2003 | 00035265 | 02/23/2013 | 02/23/2013 | Books | |||||||
| BSOP Library | BSOP Library | Chinese Books (General Circulation) | 07/01/2015 | C-13255 | Ref-CH BR95 L51j 2005 c.2 | 00045822 | 07/01/2015 | 07/01/2015 | Books | Library of Congress Classification |
